Эволюция права под воздействием цифровых технологий Монография
В монографии рассматриваются вопросы воздействия современных цифровых технологий на право и правовую систему. Авторы анализируют сложные симбиотические отношения возникающие при взаимодействии права и цифровых технологий; происходящие под воздействием цифровых технологий эволюционные преобразования...
Guardat en:
| Autor principal: | |
|---|---|
| Format: | Монография |
| Edició: | 1 |
| Accés en línia: | https://znanium.com/catalog/document?id=428925 https://znanium.com/cover/2007/2007816.jpg |
| Etiquetes: |
Afegir etiqueta
Sense etiquetes, Sigues el primer a etiquetar aquest registre!
|
| LEADER | 04346nam0a2200349 i 4500 | ||
|---|---|---|---|
| 001 | RU\infra-m\znanium\bibl\2007816 | ||
| 003 | https://znanium.com/catalog/document?id=428925 | ||
| 005 | 20250418000000.0 | ||
| 010 | |a 978-5-00156-304-4 | ||
| 010 | |a 978-5-16-111477-3 |b электр. издание | ||
| 100 | |a 20250418d2023 m y0rusy0150 ca | ||
| 101 | 0 | |a rus | |
| 102 | |a RU | ||
| 200 | 1 | |a Эволюция права под воздействием цифровых технологий |e Монография |f Саратовский государственный университет им. Н.Г. Чернышевского |g Российская академия народного хозяйства и государственной службы при Президенте РФ, ф-л Поволжский институт управления имени П.А.Столыпина |g Саратовский государственный университет им. Н.Г. Чернышевского | |
| 205 | |a 1 | ||
| 210 | 1 | |a Москва |c ООО "Юридическое издательство Норма" |d 2023 | |
| 215 | |a 280 с. | ||
| 330 | |a В монографии рассматриваются вопросы воздействия современных цифровых технологий на право и правовую систему. Авторы анализируют сложные симбиотические отношения возникающие при взаимодействии права и цифровых технологий; происходящие под воздействием цифровых технологий эволюционные преобразования в праве переходящие в настоящее время в переломную стадию эволюции — трансформацию права при которой изменения претерпевают его фундаментальные основы такие как формы (источники) права а также формы реализации права. Отдельно в работе рассматриваются вопросы появления принципиально новых субъектов права (таких как роботы и системы искусственного интеллекта) объектов правового регулирования а также особенности реализации прав и свобод граждан в эпоху цифровых технологий. Для ученых преподавателей аспирантов студентов и всех кого заинтересуют современные эволюционные преобразования в праве. | ||
| 333 | |a Дополнительное профессиональное образование | ||
| 606 | |a Право. Юридические науки |x Теория права. Правоведение |2 local | ||
| 608 | |a Монография |2 local | ||
| 675 | |a 34:[002:004.7] |z rus | ||
| 686 | |a 67.404.3 |2 rubbk | ||
| 686 | |a 40.04.01 |2 okso | ||
| 686 | |a 40.06.01 |2 okso | ||
| 700 | 1 | |a Амелин |b Р.В. |g Роман Владимирович |p Саратовский государственный университет им. Н.Г. Чернышевского | |
| 701 | 1 | |a Чаннов |b С.Е. |g Сергей Евгеньевич |p Саратовская государственная юридическая академия | |
| 712 | 0 | 2 | |a Российская академия народного хозяйства и государственной службы при Президенте РФ, ф-л Поволжский институт управления имени П.А.Столыпина |
| 712 | 0 | 2 | |a Саратовский государственный университет им. Н.Г. Чернышевского |
| 801 | 0 | |a RU |b Общество с ограниченной ответственностью «ЗНАНИУМ» |c 20230227 |2 rusmarc | |
| 856 | 4 | |a znanium.com |m ebs_support@infra-m.ru |n НИЦ ИНФРА-М |u https://znanium.com/catalog/document?id=428925 | |
| 856 | 4 | 1 | |a znanium.com |d /cover/2007 |f 2007816.jpg |q image/jpeg |u https://znanium.com/cover/2007/2007816.jpg |